000 00310nam a2200145Ia 4500
100 _aBurghardt/Henry D
942 _cBK
654 _aMachine Tool
245 _aMachine Tool Operation
260 _bMcGraw Hill
_aNew York
_c1951
082 _a621.9
_bBur
300 _a512
546 _aENGLISH
999 _c18005
_d18005